[Event "Pfalz-ch MAT1 87th"]
[Site "Landau"]
[Date "2018.03.29"]
[Round "5"]
[White "Slany, Ralph"]
[Black "Voelpel, Robert"]
[Result "1/2-1/2"]
[WhiteElo "2060"]
[BlackElo "2076"]
[PlyCount "91"]
[EventDate "2018.03.23"]
[EventType "tourn"]
[EventRounds "9"]
[EventCountry "GER"]
[SourceTitle "EXT 2019"]
[Source "ChessBase"]
[SourceDate "2018.10.10"]
[SourceVersion "1"]
[SourceVersionDate "2018.10.10"]
[SourceQuality "1"]

1. d4 Nf6 2. Nf3 e6 3. Bf4 b6 4. e3 Bb7 5. Nbd2 h6 6. h3 Nc6 7. c3 Be7 8. Bd3 d6 9. Qe2 Qd7 10. Bh2 Nh7 11. e4 0-0-0 12. Bb5 Bg5 13. Qc4 Bxd2+ 14. Nxd2 d5 15. Qa4 dxe4 16. 0-0 f5 17. Nc4 a6 18. Bxa6 Na7 19. Qa3 Rhe8 20. Rfe1 Qd5 21. Ne5 Qa5 22. Qxa5 bxa5 23. Bxb7+ Kxb7 24. f3 Nf6 25. Nc4 Nc6 26. Be5 exf3 27. gxf3 Nd7 28. Kf2 Ndxe5 29. Nxe5 a4 30. f4 Rd5 31. Nd3 Kb6 32. Nc5 Rxc5 33. dxc5+ Kxc5 34. Rad1 g5 35. Rd7 e5 36. fxg5 hxg5 37. Rxc7 e4 38. Rg1 Kd6 39. Rb7 f4 40. Rxg5 e3+ 41. Ke1 Ne5 42. Rb6+ Kc7 43. Rxe5 Rxe5 44. Rf6 Re4 45. Ke2 Kd7 46. b3 1/2-1/2

[Event "Pfalz-ch MAT1 87th"]
[Site "Landau"]
[Date "2018.03.29"]
[Round "6"]
[White "Voelpel, Robert"]
[Black "Schwartz, Andreas"]
[Result "0-1"]
[WhiteElo "2076"]
[BlackElo "2000"]
[PlyCount "58"]
[EventDate "2018.03.23"]
[EventType "tourn"]
[EventRounds "9"]
[EventCountry "GER"]
[SourceTitle "EXT 2019"]
[Source "ChessBase"]
[SourceDate "2018.10.10"]
[SourceVersion "1"]
[SourceVersionDate "2018.10.10"]
[SourceQuality "1"]

1. f4 g6 2. e4 c5 3. Nf3 Bg7 4. c3 d5 5. Qb3 dxe4 6. Ng5 Nh6 7. Qb5+ Nd7 8. Nxe4 Qc7 9. d3 0-0 10. Be2 a6 11. Qb3 b6 12. 0-0 Bb7 13. Nbd2 e6 14. Nf3 Nf5 15. g4 Nd6 16. Nfg5 Nxe4 17. Nxe4 c4 18. Qc2 cxd3 19. Qxd3 Rfd8 20. Qe3 Nf6 21. Nxf6+ Bxf6 22. Qg3 Be7 23. Be3 Bc5 24. Rae1 Rd2 25. Rf2 Rxb2 26. Bxa6 Bxe3 27. Qxe3 Rxf2 28. Bxb7 Raxa2 29. Bf3 Qc5 0-1

[Event "Oberliga Sued W 1314"]
[Site "Germany"]
[Date "2014.01.19"]
[Round "5.5"]
[White "Voelpel, Robert"]
[Black "Enzmann, Steffen"]
[Result "1/2-1/2"]
[WhiteElo "2120"]
[BlackElo "2157"]
[PlyCount "70"]
[EventDate "2013.10.13"]
[EventType "team-tourn"]
[EventRounds "9"]
[EventCountry "GER"]
[SourceTitle "EXT 2015"]
[Source "ChessBase"]
[SourceDate "2014.11.20"]
[SourceVersion "1"]
[SourceVersionDate "2014.11.20"]
[SourceQuality "1"]
[WhiteTeam "Mutterstadt"]
[BlackTeam "Heidesheim"]
[WhiteTeamCountry "GER"]
[BlackTeamCountry "GER"]

1. c3 Nf6 2. d4 d5 3. Qc2 g6 4. Bg5 Bg7 5. Nd2 0-0 6. e3 c5 7. h4 cxd4 8. exd4 Nc6 9. Ngf3 Qc7 10. 0-0-0 Bf5 11. Bd3 Bxd3 12. Qxd3 Ng4 13. Be3 Qa5 14. Kb1 b5 15. Nb3 Qb6 16. h5 b4 17. hxg6 hxg6 18. Rh4 bxc3 19. Rxg4 cxb2 20. Ne5 Nb4 21. Nxg6 fxg6 22. Qxg6 Qxg6+ 23. Rxg6 Kf7 24. Rg4 Rfc8 25. Nc5 Rab8 26. a3 Nc6 27. Rd2 Na5 28. Rxb2 Rxb2+ 29. Kxb2 Nc4+ 30. Ka2 Rb8 31. Nd3 Rb6 32. Ne5+ Bxe5 33. dxe5 Rb2+ 34. Ka1 Rb3 35. Bc5 Nxe5 1/2-1/2

[Event "Oberliga Sued W 1314"]
[Site "Germany"]
[Date "2013.11.10"]
[Round "2.5"]
[White "Busemann, Stephan"]
[Black "Voelpel, Robert"]
[Result "1-0"]
[WhiteElo "2050"]
[BlackElo "2120"]
[PlyCount "177"]
[EventDate "2013.10.13"]
[EventType "team-tourn"]
[EventRounds "9"]
[EventCountry "GER"]
[SourceTitle "EXT 2015"]
[Source "ChessBase"]
[SourceDate "2014.11.20"]
[SourceVersion "1"]
[SourceVersionDate "2014.11.20"]
[SourceQuality "1"]
[WhiteTeam "Schwarzenbach II"]
[BlackTeam "Mutterstadt"]
[WhiteTeamCountry "GER"]
[BlackTeamCountry "GER"]

1. e4 c5 2. Nf3 Nc6 3. d4 cxd4 4. Nxd4 e5 5. Nb5 a6 6. Nd6+ Bxd6 7. Qxd6 Qf6 8. Qa3 Qg6 9. f3 Nd4 10. Qd3 d5 11. Be3 dxe4 12. fxe4 f5 13. Bxd4 fxe4 14. Qd2 exd4 15. Qxd4 Be6 16. Nc3 Nf6 17. Bc4 Bxc4 18. Qe5+ Kf8 19. Qc5+ Kg8 20. Qxc4+ Qf7 21. Qd4 Re8 22. 0-0 h5 23. Rae1 Qg6 24. Re3 Kh7 25. Rg3 Rd8 26. Qc5 Ng4 27. h3 Rc8 28. Qb4 Rhe8 29. hxg4 h4 30. Re3 b5 31. Rxe4 a5 32. Qxb5 Rxe4 33. Nxe4 Qxe4 34. Qh5+ Kg8 35. Qf7+ Kh7 36. Qh5+ Kg8 37. c3 Rc6 38. Qf7+ Kh8 39. Qf8+ Kh7 40. Qf5+ Qxf5 41. Rxf5 a4 42. Ra5 Rc4 43. g5 Kg6 44. a3 Kh5 45. Rb5 Re4 46. Kf2 Rf4+ 47. Ke2 Rg4 48. Kf3 Rg3+ 49. Kf2 Rd3 50. Ke2 Rg3 51. Kf1 Rd3 52. Ke2 Rg3 53. Kf2 Rd3 54. Rb4 Kxg5 55. Rxa4 Rd2+ 56. Kf3 Rxb2 57. Rg4+ Kf6 58. Rxh4 Rb3 59. Rc4 Rxa3 60. Ke4 Ra5 61. Rc6+ Kf7 62. Rb6 Rg5 63. Rb2 Ke6 64. Kd4 Kd6 65. Ra2 Kc6 66. Ke4 Rg3 67. Rc2 Kc5 68. Kf4 Rg6 69. c4 Kd4 70. g4 Kd3 71. Rc1 Kd2 72. Ra1 Rc6 73. Ra7 g6 74. Kg5 Ke3 75. Rf7 Rxc4 76. Rf6 Ra4 77. Rxg6 Ra5+ 78. Kh6 Kf4 79. g5 Kg4 80. Rb6 Ra1 81. g6 Kf5 82. Rb2 Rf1 83. Kg7 Ra1 84. Rf2+ Kg5 85. Rg2+ Kf5 86. Kg8 Ra7 87. g7 Kf6 88. Kh8 Ra3 89. Rf2+ 1-0

[Event "Oberliga Sued W 1112"]
[Site "Germany"]
[Date "2012.02.05"]
[Round "6"]
[White "Voelpel, Robert"]
[Black "Bohn, Thomas"]
[Result "0-1"]
[WhiteElo "2071"]
[BlackElo "2340"]
[PlyCount "100"]
[EventDate "2011.09.25"]
[EventType "team-tourn"]
[EventRounds "9"]
[EventCountry "GER"]
[SourceTitle "EXT 2013"]
[Source "ChessBase"]
[SourceDate "2012.11.22"]
[SourceVersion "1"]
[SourceVersionDate "2012.11.22"]
[SourceQuality "1"]
[WhiteTeam "Mutterstadt"]
[BlackTeam "Koblenz"]
[WhiteTeamCountry "GER"]
[BlackTeamCountry "GER"]

1. Nc3 e6 2. f4 d5 3. Nf3 b6 4. e3 Bb7 5. b3 c5 6. Bb5+ Nc6 7. Ne5 Nge7 8. Bb2 a6 9. Qh5 g6 10. Bxc6+ Nxc6 11. Nxc6 Bxc6 12. Qg4 Bg7 13. Nd1 d4 14. d3 0-0 15. 0-0 dxe3 16. Bxg7 Kxg7 17. Nxe3 Qd4 18. Rae1 b5 19. Kh1 f5 20. Qg5 Rae8 21. Nd1 e5 22. Re3 exf4 23. c3 Qd6 24. Rh3 Kg8 25. Nf2 Re2 26. a4 Rfe8 27. Kg1 b4 28. Qh4 R8e7 29. d4 cxd4 30. cxb4 Qd5 31. Rf3 g5 32. Qh5 g4 33. Nxg4 fxg4 34. Qxg4+ Rg7 35. Qc8+ Re8 36. Qxa6 Qg5 37. Rg3 fxg3 38. Qxc6 gxh2+ 39. Kxh2 Qh4+ 40. Kg1 Qe4 41. Qc4+ Kh8 42. Rf2 Reg8 43. Qf1 Qe3 44. Kh2 Rg6 45. Rf3 Qe5+ 46. Kh1 Rxg2 47. Qxg2 Rxg2 48. Kxg2 d3 49. Rf2 Qe4+ 50. Kg3 d2 0-1

[Event "Oberliga Sued W 1112"]
[Site "Germany"]
[Date "2011.11.13"]
[Round "3"]
[White "Voelpel, Robert"]
[Black "Sattel, Dominique"]
[Result "1-0"]
[WhiteElo "2071"]
[BlackElo "2104"]
[PlyCount "85"]
[EventDate "2011.09.25"]
[EventType "team-tourn"]
[EventRounds "9"]
[EventCountry "GER"]
[SourceTitle "EXT 2013"]
[Source "ChessBase"]
[SourceDate "2012.11.22"]
[SourceVersion "1"]
[SourceVersionDate "2012.11.22"]
[SourceQuality "1"]
[WhiteTeam "Mutterstadt"]
[BlackTeam "Worms"]
[WhiteTeamCountry "GER"]
[BlackTeamCountry "GER"]

1. Nc3 d5 2. e4 d4 3. Nce2 e5 4. Ng3 Be6 5. Nf3 Nc6 6. Bb5 Bd6 7. d3 f6 8. Nh4 g6 9. Bd2 Qd7 10. c3 dxc3 11. bxc3 a6 12. Qa4 Nge7 13. d4 exd4 14. cxd4 0-0 15. Bxc6 Nxc6 16. d5 Nd8 17. Qc2 Bf7 18. Bc3 c6 19. Bxf6 Bb4+ 20. Bc3 Bxc3+ 21. Qxc3 cxd5 22. 0-0 Rc8 23. Qb2 Qe7 24. Nhf5 gxf5 25. Nxf5 Qg5 26. h4 Rc2 27. Qxc2 Qf6 28. e5 Qxe5 29. Nh6+ Kg7 30. Nxf7 Rxf7 31. Rae1 Qf6 32. Qd2 d4 33. Re4 Nc6 34. Qg5+ Qxg5 35. hxg5 Kg6 36. f4 Kf5 37. Re2 Kg4 38. Rb2 Re7 39. f5 b5 40. g6 hxg6 41. fxg6 Kg5 42. Rbf2 Ne5 43. g7 1-0

[Event "Oberliga Sued W 1011"]
[Site "Germany"]
[Date "2011.03.20"]
[Round "8.6"]
[White "Lang, Matthias"]
[Black "Voelpel, Robert"]
[Result "1-0"]
[WhiteElo "2137"]
[BlackElo "2035"]
[PlyCount "97"]
[EventDate "2010.10.10"]
[EventType "team-tourn"]
[EventRounds "9"]
[EventCountry "GER"]
[SourceTitle "EXT 2012"]
[Source "ChessBase"]
[SourceDate "2011.11.24"]
[SourceVersion "1"]
[SourceVersionDate "2011.11.24"]
[SourceQuality "1"]
[WhiteTeam "Landau"]
[BlackTeam "Mutterstadt"]
[WhiteTeamCountry "GER"]
[BlackTeamCountry "GER"]

1. d4 Nf6 2. Nf3 b6 3. Bg5 Bb7 4. Nbd2 Ne4 5. Nxe4 Bxe4 6. Nd2 Bb7 7. e4 f6 8. Bf4 g6 9. h4 e6 10. Qe2 Nc6 11. Nf3 Qe7 12. 0-0-0 0-0-0 13. Qc4 d5 14. exd5 exd5 15. Qa4 Qb4 16. Bb5 Qxa4 17. Bxa4 a6 18. c3 b5 19. Bc2 Re8 20. Rde1 Rxe1+ 21. Rxe1 Kd7 22. h5 Ne7 23. Rh1 g5 24. Nxg5 fxg5 25. Be5 Rg8 26. Bxh7 Bh6 27. Bxg8 Nxg8 28. Rf1 Ne7 29. g4 Nc6 30. Bg3 Nd8 31. f4 Ne6 32. f5 Nf4 33. Kd2 a5 34. Ke3 Ng2+ 35. Kf3 Nf4 36. Bxf4 gxf4 37. Re1 c5 38. Re6 Bg7 39. h6 Bh8 40. g5 cxd4 41. cxd4 Bxd4 42. g6 Bxb2 43. g7 d4+ 44. Kxf4 Bc1+ 45. Ke5 d3 46. g8Q Bb2+ 47. Kf4 Bc1+ 48. Kg3 Kc7 49. Qg7+ 1-0

[Event "Oberliga Sued W 1011"]
[Site "Germany"]
[Date "2011.02.27"]
[Round "7.6"]
[White "Voelpel, Robert"]
[Black "Nazarenus, Olaf"]
[Result "1-0"]
[WhiteElo "2035"]
[BlackElo "2015"]
[PlyCount "55"]
[EventDate "2010.10.10"]
[EventType "team-tourn"]
[EventRounds "9"]
[EventCountry "GER"]
[SourceTitle "EXT 2012"]
[Source "ChessBase"]
[SourceDate "2011.11.24"]
[SourceVersion "1"]
[SourceVersionDate "2011.11.24"]
[SourceQuality "1"]
[WhiteTeam "Mutterstadt"]
[BlackTeam "Worms"]
[WhiteTeamCountry "GER"]
[BlackTeamCountry "GER"]

1. Nc3 e5 2. Nf3 Nc6 3. d4 exd4 4. Nxd4 Bb4 5. Nxc6 bxc6 6. Qd4 Bxc3+ 7. Qxc3 Qf6 8. Qg3 d6 9. e4 Ne7 10. Bd3 Ng6 11. f4 0-0 12. 0-0 a5 13. Rb1 Ba6 14. f5 Ne7 15. Bg5 Qd4+ 16. Be3 Qf6 17. Kh1 Bxd3 18. cxd3 h6 19. Bd2 c5 20. Bc3 Qg5 21. Qxg5 hxg5 22. f6 gxf6 23. Bxf6 Ng6 24. Rf5 g4 25. Rg5 Kh7 26. Rxg4 Rab8 27. Rf1 a4 28. Rf3 1-0

[Event "Oberliga Sued W 1011"]
[Site "Germany"]
[Date "2011.02.06"]
[Round "6.6"]
[White "Bruch, Jochen"]
[Black "Voelpel, Robert"]
[Result "1/2-1/2"]
[WhiteElo "2140"]
[BlackElo "2035"]
[PlyCount "75"]
[EventDate "2010.10.10"]
[EventType "team-tourn"]
[EventRounds "9"]
[EventCountry "GER"]
[SourceTitle "EXT 2012"]
[Source "ChessBase"]
[SourceDate "2011.11.24"]
[SourceVersion "1"]
[SourceVersionDate "2011.11.24"]
[SourceQuality "1"]
[WhiteTeam "Ludwigshafen"]
[BlackTeam "Mutterstadt"]
[WhiteTeamCountry "GER"]
[BlackTeamCountry "GER"]

1. Nf3 d5 2. g3 Nc6 3. Bg2 e5 4. d3 Bg4 5. h3 Be6 6. 0-0 f6 7. e4 dxe4 8. dxe4 Qxd1 9. Rxd1 Bc5 10. c3 a5 11. b3 Nge7 12. Na3 0-0 13. Nc2 Rfd8 14. Be3 Rxd1+ 15. Rxd1 Bd6 16. Ra1 b6 17. Bf1 Nd8 18. Nd2 Nec6 19. Bc4 Kf8 20. h4 Rb8 21. a4 Bxc4 22. Nxc4 Be7 23. Rd1 Ne6 24. N2a3 Na7 25. Rd5 Nc8 26. Rd1 Ke8 27. Kf1 Nc5 28. Bxc5 Bxc5 29. Ke2 Ke7 30. Nc2 Nd6 31. Nxd6 Bxd6 32. Ne3 g6 33. h5 b5 34. hxg6 hxg6 35. Ra1 bxa4 36. Rxa4 Rxb3 37. Rxa5 Kd7 38. Kd3 1/2-1/2

[Event "Oberliga Sued W 1011"]
[Site "Germany"]
[Date "2010.11.14"]
[Round "3.6"]
[White "Robert, Josef"]
[Black "Voelpel, Robert"]
[Result "1/2-1/2"]
[WhiteElo "1876"]
[BlackElo "2035"]
[PlyCount "63"]
[EventDate "2010.10.10"]
[EventType "team-tourn"]
[EventRounds "9"]
[EventCountry "GER"]
[SourceTitle "EXT 2012"]
[Source "ChessBase"]
[SourceDate "2011.11.24"]
[SourceVersion "1"]
[SourceVersionDate "2011.11.24"]
[SourceQuality "1"]
[WhiteTeam "Winterbach Turm"]
[BlackTeam "Mutterstadt"]
[WhiteTeamCountry "GER"]
[BlackTeamCountry "GER"]

1. d4 b6 2. Nf3 Bb7 3. g3 f5 4. Bg2 Nf6 5. 0-0 e6 6. c4 Be7 7. b3 0-0 8. Ba3 Bxa3 9. Nxa3 Qe7 10. Nb5 d6 11. Qc2 Be4 12. Qb2 a6 13. Nc3 Nbd7 14. Nxe4 Nxe4 15. Rad1 Rab8 16. Nd2 Nxd2 17. Qxd2 g5 18. e3 Qg7 19. f4 Nf6 20. Qd3 Qg6 21. Rde1 Rbd8 22. e4 fxe4 23. Bxe4 Nxe4 24. Qxe4 Qxe4 25. Rxe4 gxf4 26. Rxe6 fxg3 27. hxg3 Rxf1+ 28. Kxf1 Kf7 29. Rh6 Kg7 30. Re6 Kf7 31. Rh6 Kg7 32. Re6 1/2-1/2

[Event "Oberliga Sued W 0910"]
[Site "Germany"]
[Date "2010.03.21"]
[Round "8.6"]
[White "Voelpel, Robert"]
[Black "Buermann, Jan"]
[Result "0-1"]
[WhiteElo "2063"]
[BlackElo "2120"]
[PlyCount "164"]
[EventDate "2009.10.18"]
[EventType "team-tourn"]
[EventRounds "9"]
[EventCountry "GER"]
[SourceTitle "EXT 2011"]
[Source "ChessBase"]
[SourceDate "2010.11.26"]
[SourceVersion "1"]
[SourceVersionDate "2010.11.26"]
[SourceQuality "1"]
[WhiteTeam "Mutterstadt"]
[BlackTeam "Schwarzenbach"]
[WhiteTeamCountry "GER"]
[BlackTeamCountry "GER"]

1. Nc3 c5 2. g3 Nc6 3. Bg2 g6 4. d3 Bg7 5. Ne4 d5 6. Nd2 Nf6 7. c3 0-0 8. Ngf3 e5 9. 0-0 h6 10. Qc2 Be6 11. Nb3 b6 12. Nh4 Rc8 13. e4 Qd7 14. f4 exf4 15. gxf4 Bh3 16. e5 Nh5 17. Rf3 Bg4 18. Rf1 d4 19. Be4 Ne7 20. c4 Nf5 21. Qf2 Nxh4 22. Qxh4 Bf5 23. Nd2 Bh3 24. Rf2 Qg4+ 25. Qxg4 Bxg4 26. Rb1 a5 27. a3 Kh7 28. Nf3 Rg8 29. b4 axb4 30. axb4 Bf8 31. b5 Be7 32. Ra1 Bf5 33. Nd2 Bh4 34. Rf1 Bh3 35. Bg2 Bxg2 36. Kxg2 Ra8 37. Rxa8 Rxa8 38. Kf3 f5 39. exf6 Nxf6 40. Ne4 Ra2 41. Nxf6+ Bxf6 42. Rf2 Ra1 43. Rc2 Kg7 44. Ke4 Ra7 45. Kd5 Re7 46. Kc6 Re6+ 47. Kc7 Bh4 48. Rg2 Kf7 49. f5 gxf5 50. Bf4 Be1 51. Kb7 Ba5 52. Rg3 Re7+ 53. Ka6 h5 54. Rg5 Kf6 55. Rxh5 Re3 56. Bc7 Rxd3 57. Bd8+ Ke5 58. Bxb6 Bxb6 59. Kxb6 Rb3 60. Kxc5 d3 61. Rh8 f4 62. Re8+ Kf5 63. b6 f3 64. Rd8 Ke4 65. Kc6 f2 66. Re8+ Kf3 67. b7 f1Q 68. b8Q Rxb8 69. Rxb8 Qc1 70. c5 d2 71. Rf8+ Kg4 72. h3+ Kh5 73. Rd8 d1Q 74. Rxd1 Qxd1 75. Kc7 Qd5 76. c6 Qa5+ 77. Kd7 Qd5+ 78. Kc7 Kg6 79. h4 Kf7 80. Kb6 Ke7 81. Kc7 Qd8+ 82. Kb7 Kd6 0-1

[Event "Oberliga Sued W 0910"]
[Site "Germany"]
[Date "2009.10.18"]
[Round "1.5"]
[White "Biegler, Markus"]
[Black "Voelpel, Robert"]
[Result "1/2-1/2"]
[WhiteElo "2111"]
[BlackElo "2063"]
[PlyCount "32"]
[EventDate "2009.10.18"]
[EventType "team-tourn"]
[EventRounds "9"]
[EventCountry "GER"]
[SourceTitle "EXT 2011"]
[Source "ChessBase"]
[SourceDate "2010.11.26"]
[SourceVersion "1"]
[SourceVersionDate "2010.11.26"]
[SourceQuality "1"]
[WhiteTeam "Illingen"]
[BlackTeam "Mutterstadt"]
[WhiteTeamCountry "GER"]
[BlackTeamCountry "GER"]

1. c4 c5 2. Nc3 Nc6 3. g3 g6 4. Bg2 Bg7 5. Nf3 d6 6. 0-0 h5 7. e3 Bg4 8. h3 Bxf3 9. Bxf3 Qd7 10. Bg2 Nh6 11. Rb1 0-0 12. Nd5 Rac8 13. b3 e6 14. Nf4 e5 15. Nd5 f5 16. d3 Kh7 1/2-1/2

[Event "Hassloch MTB"]
[Site "Hassloch"]
[Date "2009.04.10"]
[Round "3"]
[White "Merkert, Maximilian"]
[Black "Voelpel, Robert"]
[Result "1-0"]
[WhiteElo "2124"]
[BlackElo "2058"]
[PlyCount "69"]
[EventDate "2009.04.10"]
[EventType "tourn"]
[EventRounds "9"]
[EventCountry "GER"]
[SourceTitle "EXT 2011"]
[Source "ChessBase"]
[SourceDate "2010.11.26"]
[SourceVersion "1"]
[SourceVersionDate "2010.11.26"]
[SourceQuality "1"]

1. e4 c5 2. Nf3 Nc6 3. d4 cxd4 4. Nxd4 e5 5. Nb5 a6 6. Nd6+ Bxd6 7. Qxd6 Qf6 8. Qa3 Nge7 9. Nc3 0-0 10. Be3 Nd4 11. 0-0-0 d6 12. Rd2 Rd8 13. f4 Bd7 14. Bc4 Be6 15. Bxe6 Nxe6 16. f5 Nd4 17. h4 h6 18. g4 d5 19. g5 Qb6 20. Qxe7 Nb3+ 21. axb3 Qxe3 22. Qxe5 dxe4 23. Nd5 Qf3 24. Rhd1 Re8 25. Qf4 Qxf4 26. Nxf4 e3 27. Re2 hxg5 28. hxg5 Re4 29. Nd5 Rae8 30. f6 Kh7 31. Ne7 gxf6 32. gxf6 Kh6 33. Rg1 Kh5 34. Nf5 Rg4 35. Ng7+ 1-0

[Event "Hassloch MTB"]
[Site "Hassloch"]
[Date "2009.04.10"]
[Round "7"]
[White "Voelpel, Robert"]
[Black "Sprenger, Clemens"]
[Result "1-0"]
[WhiteElo "2058"]
[BlackElo "2122"]
[PlyCount "103"]
[EventDate "2009.04.10"]
[EventType "tourn"]
[EventRounds "9"]
[EventCountry "GER"]
[SourceTitle "EXT 2011"]
[Source "ChessBase"]
[SourceDate "2010.11.26"]
[SourceVersion "1"]
[SourceVersionDate "2010.11.26"]
[SourceQuality "1"]

1. e4 c5 2. Nc3 Nc6 3. g3 g6 4. Bg2 Bg7 5. Nge2 d6 6. Nd5 e6 7. Ne3 Nge7 8. Nf4 e5 9. Nfd5 Nxd5 10. Nxd5 Ne7 11. Ne3 Be6 12. d3 Qd7 13. h4 h5 14. Bd2 b5 15. c4 Rb8 16. b3 Nc6 17. cxb5 Rxb5 18. 0-0 Nd4 19. Nc2 0-0 20. Nxd4 cxd4 21. Rc1 Rc8 22. Rxc8+ Qxc8 23. b4 Rb6 24. a4 Rc6 25. Qb1 Kh7 26. Rc1 Rxc1+ 27. Qxc1 Qxc1+ 28. Bxc1 Bb3 29. a5 Ba4 30. Kf1 Kg8 31. Bh3 Bb5 32. Ke2 Bf8 33. Bd2 d5 34. Bg2 Bd6 35. exd5 f5 36. f3 Kf7 37. Be1 Ke7 38. Bf1 e4 39. fxe4 fxe4 40. Kf2 e3+ 41. Kf3 Be5 42. Ke4 Kd6 43. Bh3 Bf6 44. Be6 Bd7 45. Bxd7 Kxd7 46. b5 Kc7 47. Bb4 Kb7 48. d6 Bg7 49. Kd5 e2 50. Kc5 Bf8 51. a6+ Kc8 52. Kc6 1-0